A.M. - One Direction (All Lyrics) - Statistics

General Stats
  • This quiz has been taken 64 times
  • The average score is 276 of 329
Answer Stats
Answer % Correct
a
100%
All
100%
all
100%
A.M?
100%
A.M.
100%
A.M.?
100%
conversations
100%
for
100%
I
100%
in
100%
my
100%
the
100%
the A.M.
100%
you
100%
You
100%
be
95%
made
95%
to
95%
we
95%
were
95%
we’re
95%
We’re
95%
and
93%
And
93%
just
93%
like
93%
Like
93%
of
93%
our
93%
stay
93%
this
93%
Won’t
93%
Always
90%
always
90%
don’t
90%
Don’t
90%
out
90%
Yeah,
90%
yeah
90%
yeah,
90%
could
88%
favourite
88%
it,
88%
talking
88%
asses
85%
glasses
85%
know
85%
know,
85%
on
85%
‘til
85%
Feels
83%
me
83%
forever
80%
make
80%
gonna
78%
time
78%
time?
78%
tonight
78%
what
78%
about
75%
‘Cause
75%
‘cause
75%
I’m
75%
say
75%
swimming
75%
around
73%
now
73%
part
73%
same
73%
saying
73%
these
73%
right
70%
forget
68%
how
68%
town
68%
your
68%
Break
65%
going
65%
Got
65%
raised
65%
ground
63%
outside
63%
‘round
63%
scars
63%
but
60%
loud
60%
Remember
60%
There
60%
used
60%
place
58%
wanna
58%
wasting
58%
World
58%
back
55%
that
55%
3
53%
dreamin’
53%
look
53%
sleep
53%
War
53%
Ooh,
50%
(Ooh)
50%
face
48%
kick
48%
never
48%
coming
45%
learn
43%
Tryin’
40%
behave
33%
clocks,
25%
No matching quizzes found
Score Distribution
Percent of People with Each Score
Percentile by Number Answered
Your Score History
You have not taken this quiz